000 00946nam a22003257a 4500
003 CHAP
005 20220329143450.0
008 091113s1994 mx r 00010 spa d
010 _a97067
011 _a98039
020 _a9684320019
035 _a108715
040 _cCHAP
082 0 4 _a342.972
_bF7 1994
100 0 0 _aFraga, Gabino.
_942844
245 1 0 _aDerecho Administrativo
_c/por Gabino Fraga
250 _a33 ed.
260 _aMéxico,D. F. :
_bPorrúa,
_c1994
300 _a506 p. :
590 _aBATCH-UPD
_b10
_c20130110
_lUCH01
_h1157
590 _aBATCH-UPD
_b10
_c20130410
_lUCH01
_h0740
590 _aBATCH-UPD
_b10
_c20130914
_lUCH01
_h1434
590 _aCONVERSION
_b10
_c20130109
_lUCH01
_h1354
650 1 4 _aDerecho
_931861
650 1 4 _aLegislación administrativa.
_965652
901 _aBK
911 _aen proceso
942 _cLIBRO
949 _a350 F7 1994
_bBC
_cLIBRO
_d33724002130991
_eLIBRO
_gI.c/e
_h111342
_i108715
_si
999 _c97067
_d97067